5HLuxD.jpg

KING HENRY VIII SENIOR AND PRIMARY SCHOOL LIBRARY OPAC

Zel / (Record no. 157)

000 -LEADER
fixed length control field 01079cam a2200277Ia 4500
001 - CONTROL NUMBER
control field 00239466
003 - CONTROL NUMBER IDENTIFIER
control field OCoLC
005 - DATE AND TIME OF LATEST TRANSACTION
control field 20190729112910.0
005 - DATE AND TIME OF LATEST TRANSACTION
control field 020130125917.0
008 - FIXED-LENGTH DATA ELEMENTS--GENERAL INFORMATION
fixed length control field 981113r19981996nyu d 000 1 eng d
020 ## - INTERNATIONAL STANDARD BOOK NUMBER
International Standard Book Number 0141301163 (pbk.) :
020 ## - INTERNATIONAL STANDARD BOOK NUMBER
International Standard Book Number 9780141301167
040 ## - CATALOGING SOURCE
Original cataloging agency WHP
Transcribing agency WHP
Modifying agency OCL
-- OUN
082 04 - DEWEY DECIMAL CLASSIFICATION NUMBER
Classification number FIC NAP
100 1# - MAIN ENTRY--PERSONAL NAME
Personal name Napoli, Donna Jo,
Dates associated with a name 1948-
Relator term author
245 10 - TITLE STATEMENT
Title Zel /
Statement of responsibility, etc. Donna Jo Napoli.
260 ## - PUBLICATION, DISTRIBUTION, ETC.
Place of publication, distribution, etc. New York :
Name of publisher, distributor, etc. Puffin Books,
Date of publication, distribution, etc. 1998, c1996.
300 ## - PHYSICAL DESCRIPTION
Extent 227 p. ;
Dimensions 18 cm.
500 ## - GENERAL NOTE
General note First published: Dutton Children's Books, 1996.
520 ## - SUMMARY, ETC.
Summary, etc. Based on the fairy tale Rapunzel, the story is told in alternating chapters from the point of view of Zel, her mother, and the nobleman who pursues her, and delves into the psychological motivations of each of the characters.
650 ## - SUBJECT ADDED ENTRY--TOPICAL TERM
Topical term or geographic name entry element Juvenile Fiction
Form subdivision Fairy Tales & Folklore
General subdivision General
650 ## - SUBJECT ADDED ENTRY--TOPICAL TERM
Topical term or geographic name entry element Young Adult Fiction
Form subdivision Coming of Age
650 ## - SUBJECT ADDED ENTRY--TOPICAL TERM
Topical term or geographic name entry element Young Adult Fiction
Form subdivision Fairy Tales & Folklore
General subdivision Adaptations
650 ## - SUBJECT ADDED ENTRY--TOPICAL TERM
Topical term or geographic name entry element Young Adult Fiction
Form subdivision Romance
General subdivision General
942 ## - ADDED ENTRY ELEMENTS (KOHA)
Source of classification or shelving scheme
Koha item type Books - Fiction
Holdings
Withdrawn status Lost status Source of classification or shelving scheme Damaged status Not for loan Collection code Permanent Location Current Location Shelving location Date acquired Full call number Barcode Date last seen Price effective from Koha item type
          Fiction KH8 Senior School Library KH8 Senior School Library Fiction 2019-07-29 FIC NAP 3KHSL000101251 2024-07-18 2019-07-29 Books - Fiction

Powered By KH8 IT Dept